000 00330nam a22001457a 4500
008 210514b ||||| |||| 00| 0 eng d
020 _a9781259030536
041 _aeng
080 _a658
082 _a658
100 _a54
101 _aLID
245 _aCanadian Organizational Behavior
_cSteven L. McShane
942 _2udc
_cBK
999 _c57304
_d57304